These men knew God: (Record no. 3476)

000 -LEADER
fixed length control field 00568nam a2200181 a 4500
001 - CONTROL NUMBER
control field :::00001207$&:&@@
003 - CONTROL NUMBER IDENTIFIER
control field OkBaRHE
005 - DATE AND TIME OF LATEST TRANSACTION
control field 20000607103242.0
008 - FIXED-LENGTH DATA ELEMENTS--GENERAL INFORMATION
fixed length control field j 000 0 eng u
040 ## - CATALOGING SOURCE
Transcribing agency
100 1# - MAIN ENTRY--PERSONAL NAME
Personal name Baldwin, A. Graham.
245 10 - TITLE STATEMENT
Title These men knew God:
Remainder of title a course for young people.
260 ## - PUBLICATION, DISTRIBUTION, ETC. (IMPRINT)
Place of publication, distribution, etc Boston, MA., :
Name of publisher, distributor, etc The Pilgrim Press
Date of publication, distribution, etc cnd
300 ## - PHYSICAL DESCRIPTION
Extent 90 p. : illus. ;
Dimensions 19 cm.
650 ## - SUBJECT ADDED ENTRY--TOPICAL TERM
Topical term or geographic name as entry element Bible
General subdivision Biography
-- Study
942 ## - ADDED ENTRY ELEMENTS (KOHA)
Source of classification or shelving scheme
Koha item type Books
Copies
Lost status Full call number Not for loan Withdrawn status Barcode Permanent Location Koha item type Price effective from Copy number Date last seen Shelving location Source of classification or shelving scheme Date acquired Damaged status
 BS 571 .B233  1207RHEMA Bible Training CollegeBooks2010-04-1412010-04-14General Stacks 2010-04-14